[Event "1FoglarVeterans_GM"]
[Site "?"]
[Date "2005.??.??"]
[Round "?"]
[White "Vasile, Constantin (ROM)"]
[Black "Horvath, Alexander (SVK)"]
[Result "1/2-1/2"]
[WhiteElo "2342"]
[BlackElo "2416"]
[PlyCount "40"]
[EventDate "2005.??.??"]
[EventType "corr"]
[SourceDate "2006.03.25"]

1. d4 Nf6 2. c4 e6 3. Nc3 Bb4 4. e3 b6 5. Bd3 Bb7 6. Nf3 O-O 7. O-O c5 8. Bd2
cxd4 9. exd4 d5 10. cxd5 Nxd5 11. Ng5 Nf6 12. a3 Be7 13. Be3 Nc6 14. Rc1 Qd7
15. Nce4 Nxe4 16. Bxe4 f5 17. d5 fxe4 18. dxc6 Bxc6 19. Qxd7 Bxd7 20. Nxe4 Rac8
1/2-1/2

[Event "1FoglarVeterans_GM"]
[Site "?"]
[Date "2005.??.??"]
[Round "?"]
[White "Sage, Francois (FRA)"]
[Black "Vasile, Constantin (ROM)"]
[Result "1/2-1/2"]
[WhiteElo "2456"]
[BlackElo "2342"]
[PlyCount "57"]
[EventDate "2005.??.??"]
[EventType "corr"]
[SourceDate "2006.03.25"]

1. d4 Nf6 2. c4 g6 3. Nf3 Bg7 4. g3 O-O 5. Bg2 d6 6. O-O Nc6 7. Nc3 e5 8. d5
Ne7 9. e4 Nd7 10. Ne1 f5 11. Nd3 Nf6 12. Bd2 fxe4 13. Nxe4 Nxe4 14. Bxe4 Nf5
15. Bc3 Bd7 16. Qd2 c5 17. f4 b5 18. cxb5 c4 19. Nb4 Qb6+ 20. Kh1 Rae8 21. fxe5
Bxe5 22. Bg2 Bxc3 23. bxc3 Qxb5 24. Nc6 Qc5 25. Rae1 Re3 26. Rxe3 Qxe3 27. Qxe3
Nxe3 28. Rxf8+ Kxf8 29. Nxa7 1/2-1/2

[Event "1FoglarVeterans_GM"]
[Site "?"]
[Date "2005.??.??"]
[Round "?"]
[White "Kolarik, Jiri (CZE)"]
[Black "Sage, Francois (FRA)"]
[Result "1/2-1/2"]
[WhiteElo "2377"]
[BlackElo "2456"]
[PlyCount "24"]
[EventDate "2005.??.??"]
[EventType "corr"]
[SourceDate "2006.03.25"]

1. Nf3 d5 2. d4 Nf6 3. Bg5 Ne4 4. Bf4 c5 5. e3 Qb6 6. Qc1 Nc6 7. c3 Bf5 8. Nbd2
Rc8 9. Nh4 Bd7 10. Nhf3 Bf5 11. Nh4 Bd7 12. Nhf3 Bf5 1/2-1/2

[Event "1FoglarVeterans_GM"]
[Site "?"]
[Date "2005.??.??"]
[Round "?"]
[White "Nowak, Ireneusz (POL)"]
[Black "Sage, Francois (FRA)"]
[Result "1/2-1/2"]
[WhiteElo "2398"]
[BlackElo "2456"]
[PlyCount "33"]
[EventDate "2005.??.??"]
[EventType "corr"]
[SourceDate "2006.03.25"]

1. e4 e5 2. Nf3 Nf6 3. d4 Nxe4 4. Bd3 d5 5. Nxe5 Nd7 6. Nxd7 Bxd7 7. O-O Bd6 8.
c4 c6 9. cxd5 cxd5 10. Qh5 O-O 11. Qxd5 Bc6 12. Qh5 g6 13. Qh3 Ng5 14. Qg4 Ne6
15. Bh6 Re8 16. Nc3 Nxd4 17. Rad1 1/2-1/2

[Event "1FoglarVeterans_GM"]
[Site "?"]
[Date "2005.??.??"]
[Round "?"]
[White "Bures, Jilji (CZE)"]
[Black "Horvath, Alexander (SVK)"]
[Result "1/2-1/2"]
[WhiteElo "2414"]
[BlackElo "2416"]
[PlyCount "50"]
[EventDate "2005.??.??"]
[EventType "corr"]
[SourceDate "2006.03.25"]

1. e4 c5 2. Nf3 d6 3. d4 cxd4 4. Nxd4 Nf6 5. Nc3 a6 6. g3 e6 7. Bg2 Bd7 8. O-O
Nc6 9. Nxc6 Bxc6 10. a4 Be7 11. a5 O-O 12. Be3 Rc8 13. Re1 Nd7 14. Na4 f5 15.
Nb6 Nxb6 16. Bxb6 Qd7 17. f4 Bf6 18. c3 fxe4 19. Bxe4 e5 20. Qd3 exf4 21. Bxh7+
Kh8 22. Bf5 Bd4+ 23. Bxd4 Rxf5 24. gxf4 Rxf4 25. Re3 Rg4+ 1/2-1/2

[Event "1FoglarVeterans_GM"]
[Site "?"]
[Date "2005.??.??"]
[Round "?"]
[White "Nowak, Ireneusz (POL)"]
[Black "Bures, Jilji (CZE)"]
[Result "0-1"]
[WhiteElo "2398"]
[BlackElo "2414"]
[PlyCount "40"]
[EventDate "2005.??.??"]
[EventType "corr"]
[SourceDate "2006.03.25"]

1. e4 c5 2. Nf3 Nc6 3. d4 cxd4 4. Nxd4 Nf6 5. Nc3 e5 6. Ndb5 d6 7. Bg5 a6 8.
Na3 b5 9. Nd5 Be7 10. Bxf6 Bxf6 11. c3 O-O 12. Nc2 Bg5 13. a4 bxa4 14. Rxa4 a5
15. Bc4 Kh8 16. O-O f5 17. exf5 Bxf5 18. Nce3 Be7 19. b3 Rb8 20. Qd3 Bxd3 0-1

[Event "1FoglarVeterans_GM"]
[Site "?"]
[Date "2005.??.??"]
[Round "?"]
[White "Bures, Jilji (CZE)"]
[Black "Vasile, Constantin (ROM)"]
[Result "1-0"]
[WhiteElo "2414"]
[BlackElo "2342"]
[PlyCount "73"]
[EventDate "2005.??.??"]
[EventType "corr"]
[SourceDate "2006.03.25"]

1. e4 c5 2. Nf3 Nc6 3. d4 cxd4 4. Nxd4 Nf6 5. Nc3 e5 6. Ndb5 d6 7. Bg5 a6 8.
Na3 b5 9. Bxf6 gxf6 10. Nd5 f5 11. exf5 Bxf5 12. c3 Bg7 13. Nc2 O-O 14. Nce3
Be6 15. g3 f5 16. Bg2 Rb8 17. Qh5 b4 18. O-O Qd7 19. g4 bxc3 20. bxc3 Kh8 21.
gxf5 Bxf5 22. Nxf5 Rxf5 23. Qg4 Bh6 24. Kh1 Rbf8 25. Qh3 Bg5 26. Be4 R5f7 27.
Qh5 Bd8 28. Qh6 Rg7 29. Rg1 Rxf2 30. Ne3 Na7 31. Bd5 Rf6 32. Rgf1 Rxf1+ 33.
Rxf1 Be7 34. Qh5 Nc8 35. Rf7 Rxf7 36. Qxf7 Qd8 37. Be6 1-0

[Event "1FoglarVeterans_GM"]
[Site "?"]
[Date "2005.??.??"]
[Round "?"]
[White "Bures, Jilji (CZE)"]
[Black "Sykora, Josef (CZE)"]
[Result "1/2-1/2"]
[WhiteElo "2414"]
[BlackElo "2546"]
[PlyCount "36"]
[EventDate "2005.??.??"]
[EventType "corr"]
[SourceDate "2006.03.25"]

1. e4 c6 2. d4 d5 3. Nc3 dxe4 4. Nxe4 Nd7 5. Nf3 Ngf6 6. Nxf6+ Nxf6 7. Ne5 Nd7
8. Nd3 g6 9. c3 Bg7 10. Bf4 Qa5 11. Qd2 O-O 12. Be2 e5 13. dxe5 Nxe5 14. Nxe5
Bxe5 15. Bxe5 Qxe5 16. O-O Be6 17. Rfd1 Qc7 18. b3 Rad8 1/2-1/2

[Event "1FoglarVeterans_GM"]
[Site "?"]
[Date "2005.??.??"]
[Round "?"]
[White "Canibal, Jaromir (CZE)"]
[Black "Bures, Jilji (CZE)"]
[Result "1/2-1/2"]
[WhiteElo "2386"]
[BlackElo "2414"]
[PlyCount "49"]
[EventDate "2005.??.??"]
[EventType "corr"]
[SourceDate "2006.03.25"]

1. e4 c5 2. c3 d5 3. exd5 Qxd5 4. d4 Nf6 5. Nf3 Bg4 6. Be2 e6 7. h3 Bh5 8. O-O
Nc6 9. Be3 cxd4 10. cxd4 Be7 11. Nc3 Qd6 12. a3 O-O 13. Qb3 Rfd8 14. Rac1 a6
15. Rfd1 h6 16. g3 Bf8 17. Bf4 Qe7 18. Qb6 Rac8 19. g4 Bg6 20. Ne5 Nxe5 21.
dxe5 Rxd1+ 22. Rxd1 Ne4 23. Nxe4 Bxe4 24. Qe3 Bd5 25. Bf3 1/2-1/2

[Event "1FoglarVeterans_GM"]
[Site "?"]
[Date "2005.??.??"]
[Round "?"]
[White "Bures, Jilji (CZE)"]
[Black "Kolarik, Jiri (CZE)"]
[Result "1/2-1/2"]
[WhiteElo "2414"]
[BlackElo "2377"]
[PlyCount "57"]
[EventDate "2005.??.??"]
[EventType "corr"]
[SourceDate "2006.03.25"]

1. e4 c6 2. d4 d5 3. Nc3 dxe4 4. Nxe4 Bf5 5. Ng3 Bg6 6. h4 h6 7. Nf3 Nd7 8. h5
Bh7 9. Bd3 Bxd3 10. Qxd3 Qc7 11. Bd2 e6 12. O-O-O Ngf6 13. Ne4 O-O-O 14. g3
Nxe4 15. Qxe4 Nf6 16. Qe2 Bd6 17. c4 c5 18. Bc3 cxd4 19. Nxd4 a6 20. Nf3 Qc6
21. Ne5 Bxe5 22. Bxe5 Qc5 23. b3 Rhg8 24. Kb1 Rxd1+ 25. Rxd1 Ng4 26. Qxg4 Qxe5
27. Qf3 Qc7 28. Kc2 Rd8 29. Rxd8+ 1/2-1/2

[Event "1FoglarVeterans_GM"]
[Site "?"]
[Date "2005.??.??"]
[Round "?"]
[White "Roos, Jacqueline (FRA)"]
[Black "Horvath, Alexander (SVK)"]
[Result "1/2-1/2"]
[WhiteElo "2403"]
[BlackElo "2416"]
[PlyCount "58"]
[EventDate "2005.??.??"]
[EventType "corr"]
[SourceDate "2006.03.25"]

1. e4 c5 2. Nf3 d6 3. d4 cxd4 4. Nxd4 Nf6 5. Nc3 a6 6. Be3 e6 7. Be2 Qc7 8. Qd2
b5 9. a3 Bb7 10. f3 Nbd7 11. O-O-O Be7 12. g4 Ne5 13. Kb1 O-O 14. g5 Nfd7 15.
f4 Nc4 16. Bxc4 Qxc4 17. f5 Rfc8 18. Rhf1 Nc5 19. Qg2 g6 20. Qf2 exf5 21. exf5
Ne4 22. Nxe4 Bxe4 23. b3 Qd5 24. fxg6 fxg6 25. Kb2 Rf8 26. Qh4 Rxf1 27. Rxf1 h5
28. c3 b4 29. axb4 Bf8 1/2-1/2

[Event "1FoglarVeterans_GM"]
[Site "?"]
[Date "2005.??.??"]
[Round "?"]
[White "Canibal, Jaromir (CZE)"]
[Black "Horvath, Alexander (SVK)"]
[Result "1/2-1/2"]
[WhiteElo "2386"]
[BlackElo "2416"]
[PlyCount "32"]
[EventDate "2005.??.??"]
[EventType "corr"]
[SourceDate "2006.03.25"]

1. e4 c5 2. c3 Nf6 3. e5 Nd5 4. d4 cxd4 5. Nf3 Nc6 6. cxd4 d6 7. Bc4 Nb6 8. Bb5
dxe5 9. Nxe5 Bd7 10. Bxc6 Bxc6 11. Nxc6 bxc6 12. O-O e6 13. Qg4 h5 14. Qe4 Nd5
15. Nd2 Be7 16. Nf3 O-O 1/2-1/2

[Event "1FoglarVeterans_GM"]
[Site "?"]
[Date "2005.??.??"]
[Round "?"]
[White "Canibal, Jaromir (CZE)"]
[Black "Kostal, Jindrich (CZE)"]
[Result "0-1"]
[WhiteElo "2386"]
[BlackElo "2450"]
[PlyCount "42"]
[EventDate "2005.??.??"]
[EventType "corr"]
[SourceDate "2006.03.25"]

1. e4 e5 2. Nf3 Nc6 3. Bb5 a6 4. Ba4 Nf6 5. O-O Be7 6. Re1 b5 7. Bb3 O-O 8. c3
d6 9. h3 Nb8 10. d4 Nbd7 11. Nbd2 Bb7 12. Bc2 Re8 13. Nf1 Bf8 14. Ng3 g6 15.
Qd2 d5 16. Nxe5 Nxe5 17. dxe5 Rxe5 18. f4 Bc5+ 19. Qe3 Bxe3+ 20. Rxe3 Re8 21.
e5 Nd7 0-1

[Event "1FoglarVeterans_GM"]
[Site "?"]
[Date "2005.??.??"]
[Round "?"]
[White "Canibal, Jaromir (CZE)"]
[Black "Vasile, Constantin (ROM)"]
[Result "0-1"]
[WhiteElo "2386"]
[BlackElo "2342"]
[PlyCount "54"]
[EventDate "2005.??.??"]
[EventType "corr"]
[SourceDate "2006.03.25"]

1. e4 c5 2. c3 d5 3. exd5 Qxd5 4. d4 cxd4 5. cxd4 e5 6. Nf3 exd4 7. Qxd4 Qe6+
8. Be3 Nc6 9. Bb5 Bd7 10. Qd3 Bb4+ 11. Nc3 Nf6 12. O-O O-O 13. Rfe1 Qg4 14. h3
Qg6 15. Qxg6 hxg6 16. Rac1 a6 17. Be2 Rfe8 18. a3 Bxc3 19. bxc3 Re7 20. Bc5
Ree8 21. c4 Bf5 22. Bb6 Re7 23. Bf1 Rxe1 24. Rxe1 Nd7 25. Be3 Rc8 26. Rd1 Nde5
27. g4 Nxf3+ 0-1

[Event "1FoglarVeterans_GM"]
[Site "?"]
[Date "2005.??.??"]
[Round "?"]
[White "Svoboda, Frantisek (CZE)"]
[Black "Vasile, Constantin (ROM)"]
[Result "1-0"]
[WhiteElo "2459"]
[BlackElo "2342"]
[PlyCount "45"]
[EventDate "2005.??.??"]
[EventType "corr"]
[SourceDate "2006.03.25"]

1. c4 e5 2. Nc3 Nc6 3. Nf3 Nf6 4. g3 d5 5. cxd5 Nxd5 6. Bg2 Nxc3 7. bxc3 e4 8.
Ng1 f5 9. Nh3 Be7 10. d3 Bf6 11. O-O Bxc3 12. Rb1 exd3 13. Ba3 a5 14. exd3 Ra6
15. Re1+ Bxe1 16. Qh5+ g6 17. Rxe1+ Ne7 18. Qh4 Rd6 19. Ng5 f4 20. Qh6 fxg3 21.
hxg3 Rf8 22. Qg7 h5 23. Nh7 1-0

[Event "1FoglarVeterans_GM"]
[Site "?"]
[Date "2005.??.??"]
[Round "?"]
[White "Sykora, Josef (CZE)"]
[Black "Sage, Francois (FRA)"]
[Result "1/2-1/2"]
[WhiteElo "2546"]
[BlackElo "2456"]
[PlyCount "47"]
[EventDate "2005.??.??"]
[EventType "corr"]
[SourceDate "2006.03.25"]

1. c4 e6 2. Nf3 d5 3. d4 Nf6 4. Nc3 Be7 5. cxd5 exd5 6. Bg5 c6 7. e3 Bf5 8. Bd3
Bxd3 9. Bxf6 Bxf6 10. Qxd3 Be7 11. O-O O-O 12. Rab1 a5 13. a3 Nd7 14. b4 axb4
15. axb4 Ra3 16. Qc2 b5 17. Ne2 Qa8 18. Rfc1 Ra2 19. Qf5 Nb6 20. Nc3 Ra3 21. e4
g6 22. Qf4 f6 23. Qc7 Ra7 24. Qf4 1/2-1/2

[Event "1FoglarVeterans_GM"]
[Site "?"]
[Date "2005.??.??"]
[Round "?"]
[White "Roos, Jacqueline (FRA)"]
[Black "Sage, Francois (FRA)"]
[Result "1/2-1/2"]
[WhiteElo "2403"]
[BlackElo "2456"]
[PlyCount "70"]
[EventDate "2005.??.??"]
[EventType "corr"]
[SourceDate "2006.03.25"]

1. e4 e5 2. Nf3 Nf6 3. d4 Nxe4 4. Bd3 d5 5. Nxe5 Nd7 6. Nxd7 Bxd7 7. O-O Bd6 8.
c4 c6 9. cxd5 cxd5 10. Qh5 O-O 11. Qxd5 Bc6 12. Qh5 g6 13. Qh3 Ng5 14. Qg4 Ne6
15. Bh6 Re8 16. Nc3 Nxd4 17. Rad1 Be5 18. f4 f5 19. Bc4+ Kh8 20. Qg3 Bf6 21.
Bg5 Bxg5 22. fxg5 Qb6 23. Qf2 Nc2 24. Qxb6 axb6 25. Rf2 Ne3 26. Rd4 Rad8 27.
Rxd8 Rxd8 28. Bb3 h6 29. gxh6 Kh7 30. g3 b5 31. Re2 Nc4 32. a4 Nd2 33. axb5
Nxb3 34. bxc6 bxc6 35. Kf2 c5 1/2-1/2

[Event "1FoglarVeterans_GM"]
[Site "?"]
[Date "2005.??.??"]
[Round "?"]
[White "Kostal, Jindrich (CZE)"]
[Black "Bures, Jilji (CZE)"]
[Result "0-1"]
[WhiteElo "2450"]
[BlackElo "2414"]
[PlyCount "50"]
[EventDate "2005.??.??"]
[EventType "corr"]
[SourceDate "2006.03.25"]

1. e4 c5 2. Nf3 Nc6 3. d4 cxd4 4. Nxd4 Nf6 5. Nc3 e5 6. Ndb5 d6 7. Bg5 a6 8.
Na3 b5 9. Bxf6 gxf6 10. Nd5 f5 11. c3 Bg7 12. exf5 Bxf5 13. Nc2 O-O 14. Nce3
Be6 15. Bd3 f5 16. O-O Kh8 17. a4 b4 18. cxb4 e4 19. Nf4 Bg8 20. Bxa6 Rxa6 21.
b5 Rb6 22. bxc6 Rxc6 23. Rc1 Rxc1 24. Qxc1 Qd7 25. Qc7 Qxc7 0-1

[Event "1FoglarVeterans_GM"]
[Site "?"]
[Date "2005.??.??"]
[Round "?"]
[White "Horvath, Alexander (SVK)"]
[Black "Sage, Francois (FRA)"]
[Result "1/2-1/2"]
[WhiteElo "2416"]
[BlackElo "2456"]
[PlyCount "70"]
[EventDate "2005.??.??"]
[EventType "corr"]
[SourceDate "2006.03.25"]

1. e4 e5 2. Nf3 Nf6 3. Nxe5 d6 4. Nf3 Nxe4 5. Nc3 Nxc3 6. dxc3 Be7 7. Be3 O-O
8. Qd2 Nc6 9. O-O-O Ne5 10. Kb1 c6 11. Be2 Qc7 12. h3 Re8 13. g4 Nxf3 14. Bxf3
Be6 15. a3 d5 16. h4 b5 17. h5 f6 18. Be2 a5 19. h6 g6 20. f4 Bf7 21. Rh3 Rab8
22. f5 g5 23. Bf2 Rb7 24. Bf1 Reb8 25. Bg3 Bd6 26. Bxd6 Qxd6 27. Re3 Rd7 28.
Bg2 b4 29. cxb4 axb4 30. a4 d4 31. Re4 Rbd8 32. Qd3 c5 33. b3 Qc7 34. Re6 Bxe6
35. fxe6 Re7 1/2-1/2

[Event "1FoglarVeterans_GM"]
[Site "?"]
[Date "2005.??.??"]
[Round "?"]
[White "Vasile, Constantin (ROM)"]
[Black "Lounek, Jan (CZE)"]
[Result "1/2-1/2"]
[WhiteElo "2342"]
[BlackElo "2502"]
[PlyCount "107"]
[EventDate "2005.??.??"]
[EventType "corr"]
[SourceDate "2006.03.25"]

1. d4 Nf6 2. c4 e6 3. Nf3 d5 4. Nc3 c6 5. e3 Nbd7 6. Bd3 dxc4 7. Bxc4 b5 8. Bd3
Bb7 9. O-O a6 10. a4 b4 11. Ne4 c5 12. Ned2 Be7 13. Qe2 Qc7 14. Nc4 O-O 15.
Nfe5 Rad8 16. Rd1 Bd5 17. a5 Be4 18. Nxd7 Qxd7 19. Bxe4 Nxe4 20. f3 Nf6 21. b3
Qb5 22. Bb2 Nd5 23. Qc2 cxd4 24. Bxd4 Nc3 25. Rd2 Qg5 26. Rc1 Bf6 27. Bb6 Rd5
28. Kh1 Qh5 29. Rxd5 exd5 30. Nb2 Be5 31. h3 Bd6 32. Nd1 Nb5 33. Nf2 Qe5 34. f4
Qe7 35. Qd3 Qb7 36. Nd1 Re8 37. Rc2 Bc7 38. Bxc7 Nxc7 39. Qd4 Ne6 40. Qb6 Qxb6
41. axb6 Rb8 42. f5 Nf8 43. Rd2 Rxb6 44. Rxd5 Rc6 45. Kh2 f6 46. Kg3 Kf7 47.
Kf3 Rc1 48. Nf2 Rb1 49. Ra5 Rxb3 50. Rxa6 Nd7 51. Ra7 Ke8 52. Ne4 Ne5+ 53. Kf4
Nd3+ 54. Kg3 1/2-1/2

[Event "1FoglarVeterans_GM"]
[Site "?"]
[Date "2005.??.??"]
[Round "?"]
[White "Canibal, Jaromir (CZE)"]
[Black "Roos, Jacqueline (FRA)"]
[Result "1/2-1/2"]
[WhiteElo "2386"]
[BlackElo "2430"]
[PlyCount "53"]
[EventDate "2005.??.??"]
[EventType "corr"]
[SourceDate "2006.03.25"]

1. e4 e5 2. Nf3 Nc6 3. Bb5 a6 4. Ba4 Nf6 5. O-O Be7 6. Re1 b5 7. Bb3 d6 8. c3
O-O 9. h3 Na5 10. Bc2 c5 11. d4 Qc7 12. Nbd2 cxd4 13. cxd4 Nc6 14. Nb3 a5 15.
Be3 a4 16. Nbd2 Bd7 17. Rc1 Qb7 18. Qe2 Rfe8 19. Bd3 Rab8 20. a3 exd4 21. Nxd4
Ne5 22. Bb1 Bd8 23. N4f3 h6 24. Nxe5 dxe5 25. b4 axb3 26. Nxb3 Qa8 27. Bd3
1/2-1/2

[Event "1FoglarVeterans_GM"]
[Site "?"]
[Date "2005.??.??"]
[Round "?"]
[White "Nowak, Ireneusz (POL)"]
[Black "Vozda, Jindrich (CZE)"]
[Result "1/2-1/2"]
[WhiteElo "2398"]
[BlackElo "2428"]
[PlyCount "45"]
[EventDate "2005.??.??"]
[EventType "corr"]
[SourceDate "2006.03.25"]

1. e4 c5 2. Nf3 d6 3. d4 cxd4 4. Nxd4 Nf6 5. Nc3 a6 6. Bg5 e6 7. f4 Qb6 8. Qd2
Qxb2 9. Rb1 Qa3 10. f5 Nc6 11. fxe6 fxe6 12. Nxc6 bxc6 13. Be2 Be7 14. O-O O-O
15. Rb3 Qc5+ 16. Be3 Qe5 17. Bf4 Nxe4 18. Nxe4 Qxe4 19. Bxd6 Rxf1+ 20. Kxf1 Bf6
21. Ba3 Qd4 22. Rd3 Qb6 23. Rb3 1/2-1/2

[Event "1FoglarVeterans_GM"]
[Site "?"]
[Date "2005.??.??"]
[Round "?"]
[White "Vasile, Constantin (ROM)"]
[Black "Sykora, Josef (CZE)"]
[Result "1/2-1/2"]
[WhiteElo "2342"]
[BlackElo "2546"]
[PlyCount "89"]
[EventDate "2005.??.??"]
[EventType "corr"]
[SourceDate "2006.03.25"]

1. d4 Nf6 2. c4 c5 3. Nf3 cxd4 4. Nxd4 e6 5. Nc3 a6 6. e4 Qc7 7. a3 b6 8. Be3
Bb7 9. f3 Nc6 10. Na4 Rb8 11. Nxc6 Bxc6 12. b4 Bxa4 13. Qxa4 a5 14. Qb5 Bd6 15.
Rd1 Be5 16. g3 O-O 17. Kf2 Rfc8 18. Be2 d6 19. Rhf1 Ne8 20. Rb1 g6 21. Rfd1 f5
22. exf5 gxf5 23. bxa5 bxa5 24. Bb6 Qe7 25. Qxa5 Ra8 26. Qb5 Rxa3 27. f4 Bg7
28. Kg1 Nf6 29. Qb4 Ra2 30. Bf3 Ne4 31. Bxe4 fxe4 32. Qxd6 Qxd6 33. Rxd6 Rxc4
34. Rxe6 Rcc2 35. Rxe4 Rxh2 36. Kf1 h5 37. Bg1 Rh3 38. Re3 h4 39. gxh4 Rxh4 40.
Rf3 Bf6 41. f5 Rh1 42. Rg3+ Kf7 43. Rb7+ Kf8 44. Rg6 Bd4 45. Rb8+ 1/2-1/2

[Event "1FoglarVeterans_GM"]
[Site "?"]
[Date "2005.??.??"]
[Round "?"]
[White "Sykora, Josef (CZE)"]
[Black "Kolarik, Jiri (CZE)"]
[Result "1/2-1/2"]
[WhiteElo "2546"]
[BlackElo "2377"]
[PlyCount "32"]
[EventDate "2005.??.??"]
[EventType "corr"]
[SourceDate "2006.03.25"]

1. d4 d5 2. c4 c6 3. cxd5 cxd5 4. Nc3 Nf6 5. Nf3 Nc6 6. Bf4 Bf5 7. e3 e6 8. Qb3
Bb4 9. Bb5 O-O 10. O-O Bxc3 11. Qxc3 Rc8 12. Rfc1 Nh5 13. Bg3 Nxg3 14. hxg3 Ne5
15. Qd2 Nxf3+ 16. gxf3 Qb6 1/2-1/2

[Event "1FoglarVeterans_GM"]
[Site "?"]
[Date "2005.??.??"]
[Round "?"]
[White "Vozda, Jindrich (CZE)"]
[Black "Sykora, Josef (CZE)"]
[Result "1/2-1/2"]
[WhiteElo "2428"]
[BlackElo "2546"]
[PlyCount "42"]
[EventDate "2005.??.??"]
[EventType "corr"]
[SourceDate "2006.03.25"]

1. e4 c6 2. d4 d5 3. exd5 cxd5 4. c4 Nf6 5. Nc3 e6 6. Nf3 Bb4 7. cxd5 Nxd5 8.
Bd2 Nc6 9. Bd3 O-O 10. O-O Be7 11. a3 Bf6 12. Qc2 h6 13. Be3 Nce7 14. Rac1 b6
15. Rfe1 Bb7 16. Ne4 Rc8 17. Qa4 Rxc1 18. Bxc1 Qc7 19. Be3 Bc6 20. Qd1 Rd8 21.
Qd2 Bb7 1/2-1/2

[Event "1FoglarVeterans_GM"]
[Site "?"]
[Date "2005.??.??"]
[Round "?"]
[White "Bures, Jilji (CZE)"]
[Black "Lounek, Jan (CZE)"]
[Result "1/2-1/2"]
[WhiteElo "2414"]
[BlackElo "2502"]
[PlyCount "63"]
[EventDate "2005.??.??"]
[EventType "corr"]
[SourceDate "2006.03.25"]

1. e4 c5 2. Nf3 d6 3. d4 cxd4 4. Nxd4 Nf6 5. Nc3 a6 6. Be2 e5 7. Nb3 Be7 8. O-O
O-O 9. Be3 Be6 10. Nd5 Nbd7 11. Qd3 Bxd5 12. exd5 Ne8 13. Qd2 Qc7 14. Na5 f5
15. f4 Nef6 16. fxe5 dxe5 17. Rxf5 Bc5 18. Nc4 b5 19. Bxc5 Qxc5+ 20. Ne3 Ne4
21. Rxf8+ Rxf8 22. Qd3 Qb4 23. Rb1 Ndc5 24. c3 Qa4 25. Qc2 Qxa2 26. Rf1 Rxf1+
27. Bxf1 Nd6 28. c4 Qb3 29. Qxb3 Nxb3 30. cxb5 axb5 31. Ng4 e4 32. Kf2 1/2-1/2

[Event "1FoglarVeterans_GM"]
[Site "?"]
[Date "2005.??.??"]
[Round "?"]
[White "Lounek, Jan (CZE)"]
[Black "Kolarik, Jiri (CZE)"]
[Result "1/2-1/2"]
[WhiteElo "2502"]
[BlackElo "2377"]
[PlyCount "54"]
[EventDate "2005.??.??"]
[EventType "corr"]
[SourceDate "2006.03.25"]

1. e4 c6 2. d4 d5 3. Nd2 dxe4 4. Nxe4 Bf5 5. Ng3 Bg6 6. h4 h6 7. Nf3 Nd7 8. h5
Bh7 9. Bd3 Bxd3 10. Qxd3 Qc7 11. Bd2 e6 12. O-O-O Ngf6 13. Ne4 O-O-O 14. g3
Nxe4 15. Qxe4 Nf6 16. Qe2 Bd6 17. c4 c5 18. Bc3 cxd4 19. Nxd4 a6 20. Nf3 Qc6
21. Ne5 Bxe5 22. Bxe5 Qc5 23. b3 Rhg8 24. Kb1 Rxd1+ 25. Rxd1 Ng4 26. Qxg4 Qxe5
27. Qf3 Qc7 1/2-1/2

[Event "1FoglarVeterans_GM"]
[Site "?"]
[Date "2005.??.??"]
[Round "?"]
[White "Nowak, Ireneusz (POL)"]
[Black "Svoboda, Frantisek (CZE)"]
[Result "1/2-1/2"]
[WhiteElo "2398"]
[BlackElo "2459"]
[PlyCount "49"]
[EventDate "2005.??.??"]
[EventType "corr"]
[SourceDate "2006.03.25"]

1. e4 e6 2. d4 d5 3. Nc3 Nf6 4. e5 Nfd7 5. f4 c5 6. Nf3 Nc6 7. Be3 a6 8. Qd2 b5
9. dxc5 Bxc5 10. Bxc5 Nxc5 11. Qf2 Qe7 12. Bd3 b4 13. Ne2 a5 14. O-O Ba6 15.
Qe3 Nxd3 16. cxd3 O-O 17. Nfd4 Qa7 18. Rf3 Rac8 19. f5 exf5 20. Nxf5 Qxe3+ 21.
Rxe3 g6 22. Nfd4 Rfe8 23. Nxc6 Rxc6 24. Nd4 Rc7 25. Kf2 1/2-1/2

[Event "1FoglarVeterans_GM"]
[Site "?"]
[Date "2005.??.??"]
[Round "?"]
[White "Lounek, Jan (CZE)"]
[Black "Sage, Francois (FRA)"]
[Result "1/2-1/2"]
[WhiteElo "2502"]
[BlackElo "2456"]
[PlyCount "105"]
[EventDate "2005.??.??"]
[EventType "corr"]
[SourceDate "2006.03.25"]

1. e4 e5 2. Nf3 Nf6 3. d4 Nxe4 4. Bd3 d5 5. Nxe5 Nd7 6. Nxd7 Bxd7 7. O-O Bd6 8.
Nc3 Nxc3 9. bxc3 O-O 10. Qh5 f5 11. Re1 Qf6 12. Qf3 Kh8 13. Rb1 b6 14. Bf4 Rae8
15. Rxe8 Rxe8 16. Qxd5 Bxf4 17. Qxd7 Rf8 18. g3 Bd6 19. Re1 g6 20. f4 Rf7 21.
Qc8+ Rf8 22. Qe6 Qxe6 23. Rxe6 Rf7 24. Re1 Kg7 25. Kf2 Re7 26. Rb1 Kf6 27. c4
Ba3 28. c3 Re6 29. h3 Re7 30. g4 h6 31. gxf5 g5 32. Kf3 Bd6 33. fxg5+ hxg5 34.
Be4 Rh7 35. Rh1 Rh4 36. Ke3 Bf4+ 37. Kd3 Rh8 38. a4 Rh4 39. a5 Rh8 40. Bf3 Kxf5
41. Bg4+ Kf6 42. Re1 Bd6 43. Re6+ Kf7 44. Ke4 Re8 45. Rxe8 Kxe8 46. a6 Ba3 47.
Kd5 Bb2 48. Kc6 Bxc3 49. Kxc7 Bxd4 50. Bd7+ Ke7 51. Bb5 Bc5 52. Kb7 Kd8 53. Kb8
1/2-1/2

[Event "1FoglarVeterans_GM"]
[Site "?"]
[Date "2005.??.??"]
[Round "?"]
[White "Sykora, Josef (CZE)"]
[Black "Lounek, Jan (CZE)"]
[Result "1/2-1/2"]
[WhiteElo "2546"]
[BlackElo "2502"]
[PlyCount "50"]
[EventDate "2005.??.??"]
[EventType "corr"]
[SourceDate "2006.03.25"]

1. d4 Nf6 2. c4 e6 3. Nc3 Bb4 4. e3 O-O 5. Bd3 d5 6. Nf3 c5 7. O-O dxc4 8. Bxc4
cxd4 9. exd4 a6 10. a3 Bxc3 11. bxc3 Qc7 12. Qe2 Nbd7 13. Bd2 b5 14. Bd3 Nb6
15. Ne5 Bb7 16. Rfc1 Rfc8 17. Qe3 Bd5 18. a4 Nc4 19. Nxc4 Bxc4 20. Bc2 bxa4 21.
Bxa4 Rab8 22. Bc2 Rb2 23. Qf3 Bd5 24. Qe2 Bc4 25. Qf3 Bd5 1/2-1/2

[Event "1FoglarVeterans_GM"]
[Site "?"]
[Date "2005.??.??"]
[Round "?"]
[White "Vasile, Constantin (ROM)"]
[Black "Kolarik, Jiri (CZE)"]
[Result "0-1"]
[WhiteElo "2342"]
[BlackElo "2377"]
[PlyCount "78"]
[EventDate "2005.??.??"]
[EventType "corr"]
[SourceDate "2006.03.25"]

1. d4 d5 2. c4 e6 3. Nc3 Nf6 4. Nf3 c6 5. e3 Nbd7 6. Bd3 dxc4 7. Bxc4 b5 8. Bd3
Bb7 9. O-O a6 10. e4 c5 11. d5 c4 12. Bc2 Qc7 13. dxe6 fxe6 14. Ng5 Nc5 15. Qf3
Bd6 16. Qh3 O-O-O 17. Be3 h6 18. Nf3 Kb8 19. e5 Bxe5 20. Nxe5 Qxe5 21. Rae1 Ka8
22. f3 Nd3 23. Bxd3 Rxd3 24. Bf2 Qf5 25. Qg3 Rc8 26. Bb6 Nh5 27. Qf2 Nf4 28.
Be3 e5 29. Ne4 g5 30. Bxf4 exf4 31. Qb6 Qe5 32. Qxh6 Qd4+ 33. Nf2 Rd2 34. Qxg5
Rxb2 35. Rd1 Rd2 36. Rxd2 Qxd2 37. Nh3 c3 38. Qxf4 Qxa2 39. Nf2 Qa3 0-1

[Event "1FoglarVeterans_GM"]
[Site "?"]
[Date "2005.??.??"]
[Round "?"]
[White "Sage, Francois (FRA)"]
[Black "Canibal, Jaromir (CZE)"]
[Result "1-0"]
[WhiteElo "2456"]
[BlackElo "2386"]
[PlyCount "59"]
[EventDate "2005.??.??"]
[EventType "corr"]
[SourceDate "2006.03.25"]

1. d4 f5 2. g3 Nf6 3. Bg2 g6 4. Nh3 Bg7 5. c4 Nc6 6. Nc3 d6 7. d5 Ne5 8. Nf4
O-O 9. b3 Neg4 10. Bb2 Ne4 11. Bxe4 fxe4 12. Qd2 Nf6 13. h4 Bh6 14. Qe3 Bf5 15.
h5 gxh5 16. Nd1 Qd7 17. Qc3 Bxf4 18. gxf4 Bg4 19. Ne3 c6 20. Rg1 Kf7 21. Qc2
cxd5 22. f3 exf3 23. exf3 Bxf3 24. Bxf6 Ke8 25. Bg5 dxc4 26. Kf2 Bg4 27. Qxh7
e6 28. Qh6 Qf7 29. Nxc4 Kd7 30. Rad1 1-0